000 00611nam a2200217Ia 4500
005 20250508163646.0
008 008 250505s9999 xx 000 0 hin d
037 _aTextual
040 _aFEDL
_beng
_cFEDL
041 _ahin
_2hin
084 _a142.78, SAX
_qFEDL
100 _aSaxena Laxmi
_9774360
245 0 _aAstitvawad ke pramukh vicharak
260 _aBhopal, India
_bMadhya Pardesh Hindi Granth Academy
_c1988
300 _a258p.
365 _aINR
_b25
650 _aPhilosophy
700 _a Mishra Sabhajeet
_9775903
942 _cTEXL
_h142.78, SAX
999 _c1384551
_d1384551